| 000 | 00623nam a22001937a 4500 | ||
|---|---|---|---|
| 003 | NUST-PNEC | ||
| 005 | 20170116180714.0 | ||
| 008 | 141016b xxu||||| |||| 00| 0 eng d | ||
| 020 | _a9788182470798 | ||
| 040 | _cPNEC | ||
| 082 | _a403 SIN | ||
| 100 |
_9657 _aSingal, Dr R L |
||
| 245 |
_aA dictionary of adverbs _cDr. R L Singal |
||
| 260 |
_aChandigarh, India : _bAbhishek Publications, _c2004. |
||
| 300 |
_a182 p. ; _c23 cm. |
||
| 500 | _ahttp://www.amazon.com/A-Dictionary-of-Adverbs/dp/818247079X/ref=sr_1_1?s=books&ie=UTF8&qid=1413449086&sr=1-1&keywords=9788182470798 | ||
| 650 | _xGeneral | ||
| 942 |
_2ddc _cBK |
||
| 999 |
_c61103 _d61103 |
||